000 00732cam a2200217 a 4500
001 000004690
005 20200929151500.0
008 760719s1975 cu b 001 e spa
040 _aDO-SdBNP
_cDLC
_dDLC
082 _aCu864.44
_bD578i
100 1 _aDill, Hans-Otto
_913660
245 1 3 _aEl ideario literario y estético de José Martí /
_cHans-Otto Dill.
260 _aLa Habana :
_bCasa de las Americas,
_c1975.
300 _a204 p. ;
_c20 cm.
504 _aIncluye referencias bibliográficas.
600 1 4 _aMARTÍ, JOSÉ,
_d1853-1895
_xCRÍTICA E INTERPRETACIÓN
_98805
650 4 _aEstética literaria
_98066
650 4 _aEnsayos cubanos
_95691
650 4 _aLiteratura cubana
_91483
910 _aCatalogación por copia / LC
999 _c4496
_d4496